| Tag |
First Indicator |
Second Indicator |
Subfields |
| LEADER |
00000cam a2200000 4500 |
| 001 |
in00000067960 |
| 005 |
20151008051322.0 |
| 008 |
730731s1963 mau b 00000 eng u |
| 010 |
|
|
|a 63010868
|
| 035 |
|
|
|a (OCoLC)00666508
|
| 035 |
|
|
|9 AAG7154AM
|
| 040 |
|
|
|c FMC
|d TXA
|d UtOrBLW
|
| 049 |
|
|
|a TXAM
|c [366692]
|
| 050 |
|
0 |
|a HG8531
|b .K4 1963
|
| 092 |
|
|
|a 368.973
|b K29
|
| 100 |
1 |
|
|a Keller, Morton.
|
| 245 |
1 |
4 |
|a The life insurance enterprise, 1885-1910 ;
|b a study in the limits of corporate power.
|
| 264 |
|
1 |
|a Cambridge :
|b Belknap Press of Harvard University Press,
|c 1963.
|
| 300 |
|
|
|a 338 pages :
|b illustrations, portrait, table ;
|c 25 cm.
|
| 336 |
|
|
|a text
|b txt
|2 rdacontent
|
| 337 |
|
|
|a unmediated
|b n
|2 rdamedia
|
| 338 |
|
|
|a volume
|b nc
|2 rdacarrier
|
| 500 |
|
|
|a A publication of the Center for the Study of the History of Liberty in America, Harvard University.
|
| 504 |
|
|
|a "Bibliographical note: pages [295]-298. Bibliographical references included in notes" (pages [299]-331).
|
| 650 |
|
0 |
|a Insurance companies
|z United States.
|
| 999 |
|
|
|a MARS
|
| 999 |
f |
f |
|s 1b857ce7-b803-3c35-9f23-363856e386ec
|i 22953cc3-9ae2-3d5d-8ee5-691d60c1f477
|t 0
|
| 952 |
f |
f |
|p ric
|a Texas A&M University
|b Rellis Campus
|c Joint Library Facility
|d Remote Storage
|t 0
|e HG8531 .K4 1963
|h Library of Congress classification
|i unmediated -- volume
|m A14800816848
|
| 998 |
f |
f |
|a HG8531 .K4 1963
|t 0
|l Remote Storage
|